RMS Titanic Quiz - Statistics

General Stats
  • This quiz has been taken 210 times
    112 since last reset
  • The average score is 13 of 18
Answer Stats
Hint Answer % Correct
RMS Titanic began its maiden voyage (and sank) in this year 1912
99%
The intended destination of Titanic's maiden voyage New York City
89%
The city in which Titanic was built Belfast
88%
The city from which Titanic departed on her maiden voyage Southampton
86%
The captain of the Titanic Captain Edward J. Smith
84%
Titanic was owned by this shipping company {White Star} Line
84%
Passengers who survived the sinking were rescued by this ship RMS {Carpathia}
80%
The Titanic struck an iceberg on this date in the above year, but sank early the following morning 14th April
78%
The director of the 1997 film Titanic James Cameron
78%
To the nearest hundred, the number of people who perished when Titanic sank 1,500
77%
The year the wreck of the Titanic was finally discovered 1985
76%
What 'RMS' stands for Royal Mail Ship
76%
Titanic was registered in this English city (hint: its name was written on her stern) Liverpool
71%
Titanic's final port of call was in this modern-day country Ireland
63%
The name of the wealthiest person aboard the ship John Jacob Astor IV
57%
Tourism company that led submersible tours to the wreck, until a fatal accident in 2023 OceanGate
49%
The oceanographer who led the expedition that discovered the wreck Dr. Robert Ballard
42%
Third-class accommodation aboard Titanic was usually referred to as this Steerage
42%
No matching quizzes found
Score Distribution
Percent of People with Each Score
Percentile by Number Answered
Your Score History
You have not taken this quiz since the last reset